000 00602nam a22002057a 4500
999 _c10798
_d10798
003 AR-CdUCM
008 190329b ||||| |||| 00| 0 spa d
040 _aMUNICIPALIDAD PROVINCIAL DEL CUSCO
_cBIBLIOTECA MUNICIPAL DEL CUSCO
041 _heng
082 _aES / 800 /
_bD73
100 _aDickens, Carlos
_927171
245 _aCuentos de Navidad /
260 _aBarcelona :
_bBruguera ;
_c1958.
300 _a255 páginas ;
_bIlustraciones
_c20cm
440 _aColección Historias
_927112
505 _aContenido: Novela
650 _aLiteratura
_9416
942 _2ddc
_cLIBROS
945 _anom